[Event "77th Armenian Women Championship 2022"]
[Site "Yerevan"]
[Date "2022.01.15"]
[Round "4.3"]
[White "Gaboyan, Susanna"]
[Black "Avetisyan, Mariam"]
[Result "1/2-1/2"]
[WhiteElo "2254"]
[BlackElo "2012"]
[Annotator "TA"]
[PlyCount "67"]
[EventDate "2022.01.12"]
[EventType "tourn"]
[EventCountry "ARM"]
[SourceTitle "playchess.com"]
[Source "ChessBase"]
[SourceQuality "1"]

{[%evp 20,67,87,74,79,75,90,91,122,93,110,102,117,117,118,110,123,116,103,117,91,10,67,74,62,54,63,10,31,57,148,146,215,208,213,201,208,208,202,28,28,0,0,0,0,0,0,0,0,0]} 1. Nf3 d5 2. g3 e6 3. Bg2 c5 4. O-O Nc6 5. d4 Nf6 6. c4 dxc4 7. Qa4 cxd4 8. Nxd4 Qxd4 9. Bxc6+ Bd7 10. Rd1 Qxd1+ 11. Qxd1 Bxc6 {E04: Open Catalan: 5 Nf3.} 12. Qc2 Rd8 13. Nd2 {To avoid Be4} b5 {White is better.} 14. b3 Bc5 15. bxc4 b4 {[#]} 16. Bb2 $146 ({Predecessor:} 16. e3 h5 17. h3 Rh6 18. Bb2 Rg6 19. Bxf6 gxf6 20. Nb3 Bb6 21. c5 Bc7 22. Nd4 Rxd4 23. exd4 {0-1 (104) Cox,T (2144)-Venkataramanan,T (2247) Liverpool 2008}) 16... Bxf2+ 17. Kxf2 Rxd2 {[#]} 18. Qb3 Ne4+ {[#]} 19. Ke1 $1 O-O 20. Rd1 ({Better is} 20. Qxb4 $16 {Strongly threatening Rd1.} h6 21. Bc3) 20... Rxd1+ (20... Ba4 $1 $11 21. Qxa4 Rxb2) 21. Qxd1 $14 {Threatens to win with Qd4.} f6 22. Qd4 {[%mdl 1024] White has compensation.} Ra8 23. Bc1 (23. g4 $14) 23... e5 24. Qe3 Kf7 (24... h5 $14) 25. Bd2 $16 Nxd2 (25... g6 $16 26. Bxb4 g5) 26. Qxd2 {[%mdl 4096] Endgame KQ-KRB} a5 {[%cal Ba7a5,Ba5a4][%mdl 32]} 27. c5 Rc8 28. Qd3 Ra8 29. Qxh7 $2 (29. Kf2 $18) 29... a4 $1 $11 30. Qh5+ (30. Qc2 $5 {[%cal Rc2c4]} b3 31. axb3 $16) 30... Kf8 $1 {The position is equal.} 31. Qh8+ Kf7 32. Qh5+ Kf8 $1 {aiming for ...b3.} 33. Qh8+ Kf7 34. Qh5+ {Weighted Error Value: White=0.29 (precise) /Black=0.12 (very precise)} 1/2-1/2

[Event "77th Armenian Women Championship 2022"]
[Site "Yerevan"]
[Date "2022.01.15"]
[Round "4.4"]
[White "Khachatryan, Veronika"]
[Black "Arakelyan, Nare"]
[Result "0-1"]
[WhiteElo "2007"]
[BlackElo "1912"]
[Annotator "TA"]
[PlyCount "82"]
[EventDate "2022.01.12"]
[EventType "tourn"]
[EventCountry "ARM"]
[SourceTitle "playchess.com"]
[Source "ChessBase"]
[SourceQuality "1"]

{[%evp 19,82,11,23,0,5,-12,0,0,52,-16,0,-70,-11,-25,0,0,47,13,60,0,27,31,189,187,176,179,179,176,242,11,90,0,20,-64,-56,-113,-93,-464,-63,-66,-77,-68,-38,-33,-36,-64,-54,-72,0,-80,-98,-234,-92,-505,-503,-484,-433,-29987,-29988,-29988,-29989,-29994,-29992,-29992,-29993]} 1. d4 d5 2. c4 c6 3. Nf3 Nf6 4. Nc3 dxc4 5. a4 Bf5 6. e3 e6 7. Bxc4 Nbd7 8. O-O Bb4 9. Nh4 Bg4 10. f3 Bh5 $1 11. g4 {D18: Slav Defence: 5 a4 Bf5 6 e3.} g5 12. Ng2 Bg6 13. e4 {[%cal Be3e4,Be4e5][%mdl 32] The position is equal.} h6 {[#]} (13... Qa5 $1 $11) 14. Na2 $146 (14. Be3 $14) ({Predecessor:} 14. Be3 e5 15. Qb3 Qe7 16. d5 a5 17. Rad1 O-O 18. h4 Kg7 19. h5 Bh7 20. Rf2 {½-½ (48) Anton Guijarro,D (2627)-Hovhannisyan,R (2640) Martuni 2016}) 14... Be7 15. Be3 (15. Nc3 $11) 15... Qc7 (15... h5 $15 16. gxh5 (16. Bxg5 hxg4 17. Nf4 Rg8 $15) 16... Rxh5) 16. e5 $1 $11 Nd5 (16... h5 {looks sharper.} 17. Bxg5 hxg4 18. fxg4 Ne4 19. Bxe7 Nxe5 20. Bh4 Nxc4 21. Qe2 Ncd2) 17. Bxd5 cxd5 (17... exd5 $11 18. f4 Bh7) 18. Nc3 (18. Rc1 $5 {[%cal Rc1c7]} Qb6 19. f4 $11) 18... Qb6 (18... Nb8 $11 {was preferrable.}) 19. Qe2 (19. f4 $14) 19... Rc8 20. f4 f5 $2 (20... f6 $14) 21. gxf5 $18 Bxf5 22. fxg5 hxg5 23. Nxd5 $1 Qb3 (23... Qd8 {was called for.} 24. Bd2 O-O) 24. Nc3 $2 (24. Nxe7 $18 Kxe7 25. Bxg5+ Kf7 26. Ra3) 24... a6 (24... Nb6 $11) 25. Rfc1 ({Better is} 25. Rac1 $16) 25... Nb6 26. Nd1 (26. Bf2 $11) 26... Kd7 {[%mdl 1024] Black has compensation.} 27. a5 (27. Bf2 $15) 27... Nd5 $17 {Black is much more active.} 28. Bf2 $2 {[%mdl 8192] [#]} (28. Nc3 $17 {is tougher.}) 28... Qh3 $2 ({Black should try} 28... Rxh2 $3 $19 {[%mdl 512]} 29. Kxh2 Qh3+ 30. Kg1 Bd3 31. Qxd3 Qxd3 32. Rxc8 Kxc8) 29. Bg3 $15 Bg4 {The board is on fire.} 30. Qd2 Rcf8 31. Nf2 $1 Qh5 $36 {[%mdl 2048] Strongly threatening ...Rf3. Black is pushing.} 32. Nxg4 Qxg4 33. Qd1 Qe4 ({Black should play} 33... Qxd1+ $17 34. Rxd1 Rf3) 34. Rc2 (34. Qa4+ $11 Kd8 35. Qc4) 34... Rf3 $17 {[%cal Of3g3] Hoping for ...Rxg3!} 35. Re2 {[#]} (35. Rf2 $17 {was worth a try.} Rd3 36. Rd2 (36. Qa4+ Kc8 $17) 36... Qxd4+ 37. Bf2 Rxd2 38. Bxd4 Rxd1+ 39. Rxd1) 35... Qg4 ({Not} 35... Qd3 36. Rd2 Qe4 37. Qa4+ Kc8 38. Qc2+ (38. Re1 $2 Qg4 $19) 38... Qxc2 39. Rxc2+ Kb8 40. Be1 $15) (35... Qh7 $1 $19 {[%cal Of3g3] aiming for ...Rxg3!} 36. Qa4+ Kd8) 36. Rf2 $2 {[%mdl 8192]} (36. Rc1 $17 {nothing else works.} Rxg3 37. hxg3 Qxg3 38. Qa4+ (38. Qc2 $2 Nf4 $19) 38... Kd8 39. Qc2 Qh2+ 40. Kf1) 36... Rxg3 $19 37. hxg3 Qh3 {[%csl Gh8][%cal Rh3h1]} ({Wrong is} 37... Qxg3 $2 38. Ra3 Qh2+ 39. Kf1 Bxa3 40. Qa4+ Kc8 41. Qxa3 Qh1+ 42. Ke2 $19) 38. Nh4 (38. Rf7 $19 Ke8 39. Rxe7+ Kxe7 40. Kf2 Rf8+ 41. Kg1 Qxg3 42. Qe1) 38... Qxg3+ {Black mates.} 39. Rg2 Qxh4 40. Qb3 Qh1+ 41. Kf2 Rf8+ {Black used his chance.  Weighted Error Value: White=0.78/Black=0.58} 0-1

[Event "77th Armenian Women Championship 2022"]
[Site "Yerevan"]
[Date "2022.01.15"]
[Round "4.5"]
[White "Gasparian, Narine"]
[Black "Mkrtchyan, Mariam"]
[Result "0-1"]
[WhiteElo "2004"]
[BlackElo "2262"]
[Annotator "TA"]
[PlyCount "80"]
[EventDate "2022.01.12"]
[EventType "tourn"]
[EventCountry "ARM"]
[SourceTitle "playchess.com"]
[Source "ChessBase"]
[SourceQuality "1"]

{[%evp 19,80,17,8,11,14,0,0,-14,-17,-7,-15,0,14,-13,-11,-13,-8,-13,0,-13,0,0,0,0,57,-60,0,0,0,0,0,0,39,0,0,-43,-38,-35,-11,-3,0,0,0,0,0,0,0,0,0,-1315,-776,-772,-766,-765,-764,-748,-732,-670,-535,-29978,-29979,-29992,-1060]} 1. d4 g6 2. Nf3 Bg7 3. g3 d6 4. c4 Nd7 5. Bg2 e5 6. Nc3 Ne7 7. O-O O-O 8. e4 exd4 9. Nxd4 Nc6 10. Nde2 a5 11. b3 {A42: Modern Defence: Averbakh Variation.} Nc5 {[%cal Oa5a4] [#]} 12. Bb2 $146 ({Predecessor:} 12. Be3 f5 13. exf5 Bxf5 14. Qd5+ Be6 15. Qd2 a4 16. Bd5 Kh8 17. Bxe6 Nxe6 18. f4 axb3 19. axb3 {½-½ (34) L'Ami,E (2611)-Lenderman,A (2525) Dieren 2011}) 12... a4 13. Nxa4 {The position is equal.} Nxa4 14. Bxg7 Kxg7 15. bxa4 Bg4 16. Qc2 Bxe2 17. Qxe2 Qf6 18. Rab1 Rfb8 {[%mdl 1024] Black has compensation.} 19. Qd1 Qd4 20. Qc2 Ra5 21. Rb5 {[%cal Oe4e5] And now e5! would win.} Qa7 ({Black should try} 21... Rba8 $11) 22. Rfb1 ({Better is} 22. Qc3+ $1 $14 Kg8 23. e5 Rxa4 24. exd6 cxd6 25. Rd5) 22... Kg8 ({Black should play} 22... Rxa4 $15 23. Rxb7 Rxb7 24. Rxb7 Qa5) 23. h4 $11 Nd4 {[%cal Bc6d4,Bd4e6,Be6c5,Bc5a4,Ba4c5,Bc5e4,Be4g3,Bg3h5][%mdl 32]} 24. Rxa5 Qxa5 25. Qb2 Ne6 26. Bh3 Nc5 27. Qd4 (27. h5 $11 Nd3 28. Qc2 Qxh5 29. Qxd3 Qxh3 30. Qd5) 27... Nxa4 28. Rb3 Qc5 29. Qf6 Qxc4 30. h5 {[#] Hoping for Re3.} Nc5 (30... gxh5 $2 31. Bf5 Qc1+ 32. Kg2 $18) ({Don't do} 30... Qxe4 31. h6 Qe5 {[#]} 32. Rxb7 $1 $16) 31. Rf3 {Threatens to win with h6.} Rf8 (31... Qxa2 $2 32. h6 Kf8 33. Qh8+ Ke7 34. Qxb8 $18) (31... gxh5 $2 32. Qg5+ Kh8 33. Qxh5 $18) (31... Nxe4 $5 32. Qe7 Nc5 $11) 32. Rf4 {Threatening mate with h6.} Nxe4 {Dancing on a razor blade.} 33. Qe7 $1 $40 {[%mdl 128] White has some attack.} f5 {...Rf7 is the strong threat.} 34. f3 $2 {[%mdl 8192]} (34. hxg6 $11 hxg6 35. Rh4 Qc1+ 36. Kg2) 34... Qc5+ 35. Kh1 Nxg3+ 36. Kg2 Nxh5 37. Qe6+ Rf7 38. Rc4 Qe5 39. Qc8+ Kg7 40. Rxc7 Qg3+ {Weighted Error Value: White=0.56/Black=0.27 (precise)} (40... Nf4+ $142 41. Kf2 Qe2+ 42. Kg1 Qe1+ 43. Kh2 Qf2+ 44. Kh1 Qxf3+ 45. Kg1 Ne2+ 46. Kh2 Qg3+ 47. Kh1 Qxh3#) 0-1

[Event "77th Armenian Women Championship 2022"]
[Site "Yerevan"]
[Date "2022.01.16"]
[Round "5.1"]
[White "Yedigaryan, Asya"]
[Black "Gasparian, Narine"]
[Result "1/2-1/2"]
[WhiteElo "2022"]
[BlackElo "2004"]
[Annotator "NA"]
[PlyCount "92"]
[EventDate "2022.01.12"]
[EventType "tourn"]
[EventCountry "ARM"]
[SourceTitle "playchess.com"]
[Source "ChessBase"]
[SourceQuality "1"]
[TimeControl "40/5400+30:1800+30"]

1. e4 {[%emt 0:00:04]} c5 {[%emt 0:00:06]} 2. Nf3 {[%emt 0:00:07]} d6 {[%emt 0:00:13]} 3. Bb5+ {[%emt 0:00:06]} Bd7 {[%emt 0:00:11]} 4. Bxd7+ {[%emt 0:00:06]} Qxd7 {[%emt 0:00:16]} 5. c4 {[%emt 0:00:09]} Nf6 {[%emt 0:00:08]} 6. Nc3 {[%emt 0:00:19]} Nc6 {[%emt 0:00:05]} 7. d4 {[%emt 0:02:54]} cxd4 {[%emt 0:00:09]} 8. Nxd4 {[%emt 0:00:04]} g6 {[%emt 0:00:36]} 9. f3 {[%emt 0:00:09]} Bg7 {[%emt 0:00:05]} 10. Be3 {[%emt 0:00:04]} O-O {[%emt 0:01:00]} 11. O-O {[%emt 0:00:05]} Rac8 {[%emt 0:03:51]} 12. b3 {[%emt 0:00:46]} Nh5 {[%emt 0:00:51]} 13. Qd2 {[%emt 0:11:21]} f5 {[%emt 0:02:21]} 14. Rad1 {[%emt 0:08:20]} Rf7 {[%emt 0:09:44]} 15. Rfe1 {[%emt 0:21:56]} Ne5 {[%emt 0:07:51]} 16. exf5 {[%emt 0:06:21]} gxf5 {[%emt 0:00:16]} 17. Bg5 {[%emt 0:00:31]} Ng6 {[%emt 0:05:33]} 18. Bh6 {[%emt 0:19:45]} Be5 {[%emt 0:11:05]} 19. Nde2 {[%emt 0:11:31]} Qc6 {[%emt 0:08:01]} 20. f4 {[%emt 0:05:57]} Bg7 {[%emt 0:02:37]} 21. Bxg7 {[%emt 0:00:35]} Rxg7 {[%emt 0:01:58]} 22. Nd4 {[%emt 0:01:22]} Qd7 {[%emt 0:08:10]} 23. Ne6 {[%emt 0:00:44]} Rf7 {[%emt 0:00:20]} 24. Nd5 {[%emt 0:00:59]} b5 {[%emt 0:04:02]} 25. c5 {[%emt 0:03:10]} dxc5 {[%emt 0:05:32]} 26. Qe2 {[%emt 0:00:14]} Ng7 {[%emt 0:07:43]} 27. Nf6+ {[%emt 0:02:00]} exf6 {[%emt 0:00:07]} 28. Rxd7 {[%emt 0:00:03]} Rxd7 {[%emt 0:00:05]} 29. Nxg7 {[%emt 0:00:13]} Kxg7 {[%emt 0:00:37]} 30. Qxb5 {[%emt 0:00:06]} Rcc7 {[%emt 0:01:40]} 31. g3 {[%emt 0:00:51]} Ne7 {[%emt 0:00:22]} 32. Rc1 {[%emt 0:00:46]} Rd2 {[%emt 0:01:39]} 33. Qa5 {[%emt 0:01:21]} Rcd7 {[%emt 0:00:28]} 34. Re1 {[%emt 0:01:59]} ({Not} 34. Rxc5 Re2 35. Kf1 (35. Rc1 Rdd2 $11) 35... Rdd2 $11) 34... Nc6 {[%emt 0:02:48]} 35. Qxc5 {[%emt 0:00:15]} Nd4 {[%emt 0:00:25]} 36. Rf1 {[%emt 0:01:41]} Rc2 {[%emt 0:04:41]} 37. Qb4 {[%emt 0:00:38]} Nc6 {[%emt 0:01:00]} 38. Qb5 {[%emt 0:01:21]} Rdd2 {[%emt 0:00:42]} 39. Ra1 {[%emt 0:00:23]} Nd4 {[%emt 0:07:24]} 40. Qb7+ {[%emt 0:00:00]} Kg6 {[%emt 0:00:00]} 41. Qa8 {[%emt 0:05:32]} (41. Qxa7 {gets mated.} Rg2+ 42. Kf1 Rcf2+ 43. Ke1 Nf3+ 44. Kd1 Rg1#) 41... Rxh2 {[%emt 0:16:39]} 42. Rf1 $11 {[%emt 0:03:24]} Nc6 {[%emt 0:09:05]} 43. Qg8+ {[%emt 0:00:50]} Kh6 {[%emt 0:00:07]} 44. Qf8+ {[%emt 0:00:05]} Kg6 {[%emt 0:00:25]} 45. Qg8+ {[%emt 0:00:05]} Kh6 {[%emt 0:00:05]} 46. Qf8+ {[%emt 0:00:02]} Kg6 {[%emt 0:00:06]} 1/2-1/2

[Event "77th Armenian Women Championship 2022"]
[Site "Yerevan"]
[Date "2022.01.16"]
[Round "5.2"]
[White "Mkrtchyan, Mariam"]
[Black "Khachatryan, Veronika"]
[Result "1-0"]
[WhiteElo "2262"]
[BlackElo "2007"]
[Annotator "ChessBase"]
[PlyCount "63"]
[EventDate "2022.01.12"]
[EventType "tourn"]
[EventCountry "ARM"]
[SourceTitle "playchess.com"]
[Source "ChessBase"]
[SourceQuality "1"]
[TimeControl "40/5400+30:1800+30"]

1. d4 Nf6 2. Nf3 g6 3. c4 Bg7 4. g3 O-O 5. Bg2 {[%emt 0:03:28]} d5 {[%emt 0:04:59]} 6. cxd5 {[%emt 0:00:15]} Nxd5 {[%emt 0:00:39]} 7. O-O {[%emt 0:00:07]} Nc6 {[%emt 0:04:00]} 8. e4 {[%emt 0:01:53]} Nb6 {[%emt 0:00:10]} 9. d5 {[%emt 0:00:11]} Na5 {[%emt 0:04:38]} 10. Qe1 {[%emt 0:00:39]} Nac4 {[%emt 0:04:11]} 11. Nc3 {[%emt 0:00:11]} e6 {[%emt 0:08:32]} 12. Bg5 {[%emt 0:00:16]} Qe8 {[%emt 0:23:22]} 13. b3 {[%emt 0:13:34]} Nd6 {[%emt 0:06:21]} 14. e5 {[%emt 0:08:20]} exd5 {[%emt 0:02:09]} 15. exd6 {[%emt 0:05:59]} Qxe1 {[%emt 0:00:05]} 16. Raxe1 {[%emt 0:00:03]} Bxc3 {[%emt 0:00:06]} 17. Rc1 {[%emt 0:00:05]} d4 {[%emt 0:08:47]} 18. dxc7 {[%emt 0:00:25]} Bf5 {[%emt 0:03:12]} 19. Bf6 {[%emt 0:10:43]} Bd3 {[%emt 0:20:23]} 20. Bxd4 {[%emt 0:21:19]} Bxf1 {[%emt 0:01:01]} 21. Kxf1 {[%emt 0:00:04]} Ba5 {[%emt 0:03:13]} 22. Ne5 {[%emt 0:01:06]} f6 {[%emt 0:00:42]} 23. Bxb6 {[%emt 0:01:50]} Bxb6 {[%emt 0:00:20]} 24. Nd7 {[%emt 0:00:10]} Rac8 {[%emt 0:02:37]} 25. Nxb6 {[%emt 0:00:11]} axb6 {[%emt 0:00:07]} 26. Bxb7 {[%emt 0:00:05]} Kf7 {[%emt 0:00:22]} 27. Bxc8 {[%emt 0:00:52]} Rxc8 {[%emt 0:00:01]} 28. a4 {[%emt 0:00:08]} Ke7 {[%emt 0:00:12]} 29. Rc6 {[%emt 0:01:08]} f5 {[%emt 0:00:24]} 30. b4 {[%emt 0:00:05]} Kd7 {[%emt 0:00:20]} 31. Rxb6 {[%emt 0:00:08]} Rxc7 {[%emt 0:00:34]} 32. a5 {[%emt 0:00:13]} 1-0

[Event "77th Armenian Women Championship 2022"]
[Site "Yerevan"]
[Date "2022.01.16"]
[Round "5.3"]
[White "Arakelyan, Nare"]
[Black "Gaboyan, Susanna"]
[Result "0-1"]
[WhiteElo "1912"]
[BlackElo "2254"]
[Annotator "ChessBase"]
[PlyCount "60"]
[EventDate "2022.01.12"]
[EventType "tourn"]
[EventCountry "ARM"]
[SourceTitle "playchess.com"]
[Source "ChessBase"]
[SourceQuality "1"]
[TimeControl "40/5400+30:1800+30"]

1. e4 {[%emt 0:00:35]} d6 {[%emt 0:00:11]} 2. d4 {[%emt 0:00:01]} Nf6 {[%emt 0:00:10]} 3. Nc3 {[%emt 0:00:19]} e5 {[%emt 0:00:06]} 4. Nf3 {[%emt 0:00:57]} Nbd7 {[%emt 0:00:24]} 5. Bc4 {[%emt 0:02:14]} Be7 {[%emt 0:00:08]} 6. O-O {[%emt 0:00:46]} O-O {[%emt 0:00:07]} 7. Qe2 {[%emt 0:00:38]} c6 {[%emt 0:00:17]} 8. a4 {[%emt 0:00:05]} exd4 {[%emt 0:04:28]} 9. Nxd4 {[%emt 0:00:36]} Re8 {[%emt 0:00:23]} 10. f3 {[%emt 0:12:51]} d5 {[%emt 0:08:05]} 11. Ba2 {[%emt 0:09:36]} Bc5 {[%emt 0:05:15]} 12. Be3 {[%emt 0:01:12]} Qe7 {[%emt 0:25:33]} 13. Kh1 {[%emt 0:22:04]} dxe4 {[%emt 0:03:10]} 14. Nf5 {[%emt 0:05:28]} Qe5 {[%emt 0:04:00]} 15. fxe4 {[%emt 0:02:35]} Bxe3 {[%emt 0:13:28]} 16. Qxe3 {[%emt 0:00:18]} Nf8 {[%emt 0:00:08]} 17. Qg5 {[%emt 0:03:10]} Ng6 {[%emt 0:03:30]} 18. h4 {[%emt 0:07:32]} Bxf5 {[%emt 0:00:07]} 19. Rxf5 {[%emt 0:00:42]} Qe7 {[%emt 0:11:09]} 20. h5 {[%emt 0:02:02]} Nf8 {[%emt 0:00:51]} 21. Raf1 {[%emt 0:03:57]} h6 {[%emt 0:01:17]} 22. Qg3 {[%emt 0:01:35]} N8h7 {[%emt 0:09:58]} 23. e5 {[%emt 0:04:46]} Qc7 {[%emt 0:00:02]} 24. Rxf6 {[%emt 0:06:00]} Nxf6 {[%emt 0:01:11]} 25. Rxf6 {[%emt 0:00:03]} Re7 {[%emt 0:03:03]} 26. Ne4 {[%emt 0:06:31]} Kh8 {[%emt 0:05:05]} 27. Rf5 {[%emt 0:01:07]} Rd8 {[%emt 0:00:54]} 28. Nd6 {[%emt 0:00:40]} f6 {[%emt 0:00:31]} 29. exf6 {[%emt 0:02:52]} Red7 {[%emt 0:00:46]} 30. fxg7+ {[%emt 0:03:35]} Rxg7 {[%emt 0:00:02]} 0-1

[Event "77th Armenian Women Championship 2022"]
[Site "Yerevan"]
[Date "2022.01.16"]
[Round "5.4"]
[White "Gevorgyan, Maria"]
[Black "Khachatryan, Anna"]
[Result "1-0"]
[WhiteElo "2218"]
[BlackElo "2134"]
[Annotator "ChessBase"]
[PlyCount "85"]
[EventDate "2022.01.12"]
[EventType "tourn"]
[EventCountry "ARM"]
[SourceTitle "playchess.com"]
[Source "ChessBase"]
[SourceQuality "1"]
[TimeControl "40/5400+30:1800+30"]

1. d4 {[%emt 0:00:03]} d5 {[%emt 0:07:34]} 2. c4 {[%emt 0:00:11]} e6 {[%emt 0:00:02]} 3. Nc3 {[%emt 0:00:05]} c6 {[%emt 0:00:04]} 4. e3 {[%emt 0:00:07]} f5 {[%emt 0:00:23]} 5. Nf3 {[%emt 0:01:16]} Nf6 {[%emt 0:00:24]} 6. Bd3 {[%emt 0:00:07]} Bd6 {[%emt 0:00:25]} 7. O-O {[%emt 0:00:25]} O-O {[%emt 0:00:17]} 8. b3 {[%emt 0:00:23]} Nbd7 {[%emt 0:01:15]} 9. a4 {[%emt 0:02:47]} Ne4 {[%emt 0:02:56]} 10. Ne2 {[%emt 0:03:26]} Qe7 {[%emt 0:00:37]} 11. Ne1 {[%emt 0:01:58]} Qh4 {[%emt 0:18:42]} 12. f4 {[%emt 0:10:01]} Qe7 {[%emt 0:05:43]} 13. Nf3 {[%emt 0:00:12]} h6 {[%emt 0:10:57]} 14. Ne5 {[%emt 0:02:51]} Nxe5 {[%emt 0:04:41]} 15. fxe5 {[%emt 0:05:44]} Bb4 {[%emt 0:00:03]} 16. Bxe4 {[%emt 0:15:16]} fxe4 {[%emt 0:03:07]} 17. Nf4 {[%emt 0:02:17]} b6 {[%emt 0:11:44]} 18. Ra2 {[%emt 0:02:11]} Ba6 {[%emt 0:04:25]} 19. Raf2 {[%emt 0:03:46]} Rfe8 {[%emt 0:01:14]} 20. Qe2 {[%emt 0:09:40]} Kh7 {[%emt 0:06:50]} 21. g3 {[%emt 0:03:32]} Rac8 {[%emt 0:10:20]} 22. h4 {[%emt 0:08:01]} dxc4 {[%emt 0:00:31]} 23. bxc4 {[%emt 0:01:12]} Rc7 {[%emt 0:00:21]} 24. Qc2 {[%emt 0:07:41]} Kg8 {[%emt 0:00:56]} 25. Ng6 {[%emt 0:00:18]} Qd8 {[%emt 0:03:09]} 26. Rf4 {[%emt 0:00:27]} c5 {[%emt 0:01:57]} 27. Rxe4 {[%emt 0:07:06]} cxd4 {[%emt 0:00:23]} 28. Rxd4 {[%emt 0:00:02]} Qc8 {[%emt 0:00:28]} 29. Rff4 {[%emt 0:03:57]} Bc5 {[%emt 0:00:03]} 30. Rd1 {[%emt 0:02:42]} Rd7 {[%emt 0:01:30]} 31. Rdf1 {[%emt 0:00:58]} Bb7 {[%emt 0:00:21]} 32. Kh2 {[%emt 0:00:37]} Qc6 {[%emt 0:01:23]} 33. e4 {[%emt 0:00:29]} a5 {[%emt 0:01:07]} 34. h5 {[%emt 0:00:17]} Bb4 {[%emt 0:00:43]} 35. Qf2 {[%emt 0:00:26]} Rdd8 {[%emt 0:00:29]} 36. Rf7 {[%emt 0:00:13]} Rd7 {[%emt 0:01:37]} 37. Rf8+ {[%emt 0:00:11]} Bxf8 {[%emt 0:00:08]} 38. Qxf8+ {[%emt 0:01:12]} Kh7 {[%emt 0:00:04]} 39. Qxe8 {[%emt 0:00:06]} Rd2+ {[%emt 0:00:03]} 40. Bxd2 {[%emt 0:00:00]} Qxe8 {[%emt 0:00:00]} 41. Rf8 {[%emt 0:00:09]} Bc6 {[%emt 0:00:33]} 42. Rxe8 {[%emt 0:00:23]} Bxe8 {[%emt 0:00:03]} 43. Be3 {[%emt 0:00:11]} 1-0

[Event "77th Armenian Women Championship 2022"]
[Site "Yerevan"]
[Date "2022.01.16"]
[Round "5.5"]
[White "Avetisyan, Mariam"]
[Black "Hakobyan, Astghik"]
[Result "1-0"]
[WhiteElo "2012"]
[BlackElo "2053"]
[Annotator "NA"]
[PlyCount "75"]
[EventDate "2022.01.12"]
[EventType "tourn"]
[EventCountry "ARM"]
[SourceTitle "playchess.com"]
[Source "ChessBase"]
[SourceQuality "1"]
[TimeControl "40/5400+30:1800+30"]

1. e4 {[%emt 0:00:04]} c6 {[%emt 0:00:32]} 2. d4 {[%emt 0:00:04]} d5 {[%emt 0:00:07]} 3. Nc3 {[%emt 0:00:04]} dxe4 {[%emt 0:00:14]} 4. Nxe4 {[%emt 0:00:03]} Nf6 {[%emt 0:00:18]} 5. Nxf6+ {[%emt 0:00:03]} exf6 {[%emt 0:00:15]} 6. c3 {[%emt 0:00:06]} Bd6 {[%emt 0:00:13]} 7. Bd3 {[%emt 0:00:04]} O-O {[%emt 0:00:55]} 8. Qc2 {[%emt 0:00:07]} Re8+ {[%emt 0:00:11]} 9. Ne2 {[%emt 0:00:15]} h5 {[%emt 0:00:19]} 10. Be3 {[%emt 0:00:19]} Nd7 {[%emt 0:00:20]} 11. O-O-O {[%emt 0:00:12]} Nf8 {[%emt 0:00:19]} 12. c4 {[%emt 0:02:01]} Be6 {[%emt 0:01:28]} 13. Kb1 {[%emt 0:00:55]} Rc8 {[%emt 0:00:41]} 14. a3 {[%emt 0:00:13]} b5 {[%emt 0:06:07]} 15. c5 {[%emt 0:00:45]} Bc7 {[%emt 0:00:24]} 16. Nc3 {[%emt 0:00:32]} Rb8 {[%emt 0:13:17]} 17. Be4 {[%emt 0:06:23]} b4 {[%emt 0:19:19]} 18. axb4 {[%emt 0:04:30]} Rxb4 {[%emt 0:02:06]} 19. Bxc6 {[%emt 0:12:03]} Bb3 {[%emt 0:01:32]} 20. Qf5 {[%emt 0:01:04]} Re6 {[%emt 0:06:21]} 21. Bd5 {[%emt 0:23:09]} g6 {[%emt 0:06:08]} 22. Qf3 {[%emt 0:00:21]} Bxd1 {[%emt 0:11:39]} 23. Rxd1 {[%emt 0:00:25]} Ra6 {[%emt 0:01:35]} 24. Bc1 {[%emt 0:03:58]} Ne6 {[%emt 0:04:33]} 25. Bxe6 {[%emt 0:02:03]} Rxe6 {[%emt 0:04:22]} 26. d5 {[%emt 0:00:40]} Ra6 {[%emt 0:02:01]} 27. Qe2 Ra3 $18 {[%emt 0:03:43]} 28. Nb5 {[%emt 0:21:23]} Ra5 {[%emt 0:02:29]} 29. d6 {[%emt 0:05:43]} Rbxb5 30. dxc7 {[%emt 0:00:09]} Qxc7 {[%emt 0:13:17]} 31. Qe8+ {[%emt 0:00:50]} Kg7 {[%emt 0:00:28]} 32. Rd8 {[%emt 0:02:40]} Qxd8 {[%emt 0:00:43]} 33. Qxd8 {[%emt 0:00:05]} Rxc5 {[%emt 0:00:28]} 34. h4 {[%emt 0:00:43]} g5 {[%emt 0:00:32]} 35. hxg5 {[%emt 0:00:04]} fxg5 {[%emt 0:00:24]} 36. b4 {[%emt 0:00:09]} Rab5 {[%emt 0:00:34]} 37. Bb2+ {[%emt 0:00:07]} Re5 {[%emt 0:00:35]} 38. Qxg5+ {[%emt 0:00:07]} 1-0